| Поле | Инд. | ПП | Название | Значение |
|---|---|---|---|---|
| Тип записи | a | |||
| Библиографический уровень | m | |||
| 001 | Контрольный номер | e739a550-29be-4a37-a36e-873ea3107c62 | ||
| 005 | Дата корректировки | 20211014161457.2 | ||
| 008 | Кодируемые данные | 081112 | ||
| 020 | a | ISBN | 978-5-358-02591-2 (ч. 1) | |
| a | ISBN | 978-5-358-02590-5 | ||
| 040 | a | Служба первич. каталог. | НБ ТвГУ | |
| 041 | 0_ | a | Код языка текста | rus |
| 080 | a | Индекс УДК | 821.161.1.09(075.3) | |
| 084 | a | Индекс другой классификации/Индекс ББК | Ш5(2=411.2)6я721-1 | |
| 090 | a | Полочн. индекс | Ш5(2=411.2) | |
| x | Авторский знак | Р 89 | ||
| 245 | 00 | a | Заглавие | Русская литература XX века. 11 класс |
| b | Продолж. заглавия | учебник для общеобразовательных учреждений : в 2 ч. | ||
| c | Ответственность | под общей редакцией В. В. Агеносова | ||
| n | Номер части/ раздела | Ч. 1 | ||
| 246 | 03 | a | Другая форма заглавия | Литература. 11 класс |
| 250 | a | Основные сведения об издании | 12-е изд., стер. | |
| 260 | 0_ | a | Место издания | Москва |
| b | Издательство | Дрофа | ||
| c | Дата издания | 2007 | ||
| 300 | a | Объем | 491, [2] с. | |
| b | Иллюстрации/ тип воспроизводства | ил. | ||
| 504 | a | Библиография | Библиогр. в конце разд. | |
| 653 | 0_ | a | Ключевые слова | Русская литература 20 в. |
| a | Ключевые слова | История русской литературы 20 в. | ||
| a | Ключевые слова | Учебники для средней школы | ||
| a | Ключевые слова | 20 в. | ||
| 700 | 1_ | a | Другие авторы | Агеносов В. В. |
| q | Полное имя | Агеносов Владимир Вениаминович | ||
| 700 | 1_ | a | Другие авторы | Безносов Эдуард Львович |
| 700 | 1_ | a | Другие авторы | Бугров Борис Семенович |
| 700 | 1_ | a | Другие авторы | Ваняшова М. Г. |
| 852 | 41 | i | Расстановочный признак | Проверка 2021 |
| 901 | t | Тип документа | m | |
| 920 | a | Оператор | Поля | |
| a | Оператор | Суха | ||
| 930 | a | Новая/Ретро | ретро | |
| 952 | c | Вид литературы | К ру | |
| 954 | a | Дата поступления на обработку | 20081113 | |
| e | Дата перешифровки | 20210824 | ||
| 954 | a | Дата поступления на обработку | 20211014 |